000 00900nam a22002417a 4500
999 _c14016
_d14016
003 AR-CdUCM
008 190417b ||||| |||| 00| 0 spa d
040 _aMUNICIPALIDAD PROVINCIAL DEL CUSCO
_cBIBLIOTECA MUNICIPAL DEL CUSCO
082 _aES / 800 /
_bM86
100 _aMoreno, Adolfo
_932677
245 _aLos Viajes de Marco Polo /
260 _aBarcelona :
_bI.D.A.G. & AFHA,
_c1964.
300 _a151 páginas ;
_bIlustraciones,
_c21 cm.
440 _aColección Auriga, serie Violeta
_932678
505 _aContenido: Marco Polo y Venecia -- Donde conocemos a Marco Polo -- Bagdad -- Historia del viejo de la montaña -- Ante el "techo del mundo" -- Historia de Gengis Khan ...
650 _aPolo, Marco
_932679
650 _a1254-1323
_932680
650 _aViajes
_9856
650 _aAsia
_93888
650 _aLiteratura juvenil
_91580
942 _2ddc
_cLIBROS
945 _acmm
_d2019-04-17